[Event "Chesscup Blitz 2020"]
[Site "Katowice"]
[Date "2020.09.12"]
[Round "10.5"]
[White "Koziak, Vitali"]
[Black "Walter, Szymon"]
[Result "1-0"]
[WhiteElo "2434"]
[BlackElo "2227"]
[Annotator "TA"]
[PlyCount "75"]
[EventDate "2020.09.12"]
[EventType "swiss"]
[EventCountry "POL"]
[SourceTitle "playchess.com"]
[Source "ChessBase"]
[SourceQuality "1"]

{[%evp 16,75,23,-6,0,0,0,0,0,-22,-6,-41,6,0,27,0,36,0,0,0,32,41,91,82,71,100,91,91,104,68,85,35,55,25,24,26,82,76,89,79,200,95,220,133,352,399,374,329,546,475,840,393,653,472,5297,4659,29980,29980,29987,29988,29988,29989]} 1. Nf3 Nf6 2. c4 g6 3. b4 Bg7 4. Bb2 O-O 5. e3 d6 6. d4 a5 7. b5 Nbd7 8. Be2 e5 9. O-O {[%cal Rd4e5]} Re8 {A15: English Opening: 1...Nf6.} 10. a4 {[#]} exd4 $146 ({Predecessor:} 10... c5 11. dxe5 dxe5 12. Qc2 Qc7 13. Nc3 Nb6 14. e4 Nh5 15. Rfe1 Nf4 16. Bf1 Bg4 {0-1 (41) Rongwane,G (2079)-Isaev,J (2296) chess.com INT 2020}) 11. exd4 c5 {The position is equal.} 12. bxc6 bxc6 13. Nc3 {[%cal Bb1c3,Bc3b5,Bb5c7][%mdl 32]} d5 14. cxd5 cxd5 15. Ba3 Ba6 (15... Ne4 $5 {[%cal Re4c3]} 16. Nxd5 Nb6 17. Nxb6 Nc3 18. Nxa8 Nxd1 $11) 16. Nb5 Ne4 17. Rc1 Bf8 18. Bxf8 Rxf8 19. Nc7 Bxe2 20. Qxe2 Rb8 21. Nxd5 Re8 22. Rfe1 Ndf6 23. Nxf6+ Nxf6 24. Qa6 Rxe1+ 25. Rxe1 Nd5 (25... Rb4 $11 {keeps the balance.}) 26. g3 $16 Nb4 27. Qa7 {Hoping for Ne5.} Nd5 {[#]} (27... Nc6 $16 28. Qc5 Nb4) 28. Re5 (28. Ng5 $1 $18 {[%mdl 512] is more deadly.} Qc7 (28... Qxg5 29. Qxb8+) 29. Qxc7 Nxc7 30. Re7) 28... Nb4 (28... f6 $16 29. Re1 Ra8) 29. Qxa5 Qd7 $2 (29... Nc6 $16 {is a better defense.} 30. Qxd8+ Rxd8) 30. Rb5 $18 Rxb5 31. Qxb5 Qd6 $2 (31... Qxb5 32. axb5 Nd5) 32. a5 {[%cal Ba4a5,Ba5a6,Ba6a7][%mdl 32]} h5 (32... f6 $142 33. Kg2 h5) 33. Qc5 (33. Ne5 $142 Kf8 34. Qc4) 33... Qb8 $2 (33... Qxc5 34. dxc5 Na6) 34. Qb6 Qf8 (34... Qxb6 $142 35. axb6 Kf8) 35. a6 Nd5 36. Qb7 {White mates.} Qd8 37. a7 Nb6 {[#]} 38. Qb8 $1 {Accuracy: White = 47%, Black = 27%.} 1-0

[Event "Chesscup Blitz 2020"]
[Site "Katowice"]
[Date "2020.09.12"]
[Round "10.6"]
[White "Socko, Bartosz"]
[Black "Jakubowska, Anna"]
[Result "1-0"]
[WhiteElo "2601"]
[BlackElo "2051"]
[Annotator "TA"]
[PlyCount "68"]
[EventDate "2020.09.12"]
[EventType "swiss"]
[EventCountry "POL"]
[SourceTitle "playchess.com"]
[Source "ChessBase"]
[SourceQuality "1"]

{[%evp 10,68,13,0,10,0,0,-8,14,23,37,29,36,20,27,14,22,9,34,0,23,0,-6,-8,41,34,47,40,164,170,162,103,128,91,195,231,220,191,381,383,403,395,397,404,391,386,481,392,383,384,426,425,477,477,609,583,709,690,741,720,622]} 1. g3 d5 2. Bg2 c6 3. Nf3 Nf6 4. O-O Bf5 5. d3 e6 6. Nc3 Be7 {A07: Réti Opening: New York and Capablanca Systems.} 7. Bf4 $5 {[%mdl 4] An interesting side line.} O-O {[#]} 8. Re1 $146 ({Predecessor:} 8. a4 Nbd7 9. Re1 a5 10. e4 dxe4 11. dxe4 Bg6 12. Ne5 Nxe5 13. Bxe5 Nd7 14. Bd6 {0-1 (51) Rahal,R (1799)-Roig Gorina,H (1863) Sabadell 2018}) 8... d4 {The position is equal.} 9. Nb1 Bg6 10. c3 dxc3 11. Nxc3 Nd5 12. Bd2 Nd7 13. Rc1 Qb6 14. Qc2 (14. e4 $5 {[%cal Re4d5]} N5f6 15. d4 $11) 14... Bf6 15. e4 Nb4 16. Qb1 Nc5 17. Be3 $1 $36 {[%mdl 2048] Hoping for Na4! Black is under pressure.} Nbxd3 {[#]} 18. Na4 $1 {[%mdl 512]} Qb5 ({Black should play} 18... Nxa4 $14 19. Bxb6 Nxe1) 19. Nxc5 $18 Nxe1 20. Rxe1 (20. Nxe1 $18 {Threatens to win with Ned3.} Qxb2 21. Nd7 (21. Nxb7 Rab8 $17)) 20... Rfd8 21. b3 Be7 (21... b6 $16) 22. Bf1 Qb4 23. Rc1 {[%cal Be1c1,Bc1c4,Bc4a4][%mdl 32]} b6 $2 {[#]} (23... Bxc5 {was called for.} 24. Rc4 (24. Rxc5 Bxe4 {[%mdl 64] Double Attack} 25. Qe1 Qxe1 $15) (24. Bxc5 Qxe4 25. Qxe4 Bxe4 $11) 24... Qa5 25. Rxc5 Qb4) 24. Rc4 Qa3 25. Ra4 Bxc5 26. Rxa3 Bxa3 27. Ne5 c5 28. Nxg6 hxg6 29. e5 Bb4 30. Qe4 {White is clearly winning.} Rac8 31. Qb7 Ba5 32. Bg5 Re8 33. Bb5 Rf8 34. Be7 Rb8 {Accuracy: White = 79%, Black = 50%.} 1-0

[Event "Chesscup Blitz 2020"]
[Site "Katowice"]
[Date "2020.09.12"]
[Round "10.7"]
[White "Miton, Kamil"]
[Black "Szczurek, Krzysztof"]
[Result "1-0"]
[WhiteElo "2590"]
[BlackElo "2091"]
[Annotator "TA"]
[PlyCount "72"]
[EventDate "2020.09.12"]
[EventType "swiss"]
[EventCountry "POL"]
[SourceTitle "playchess.com"]
[Source "ChessBase"]
[SourceQuality "1"]

{[%evp 13,72,28,53,32,43,24,47,25,43,27,53,44,45,22,14,14,11,14,16,0,8,8,14,0,7,12,25,6,11,-37,-17,-20,16,17,6,13,13,12,20,12,8,-14,0,0,0,0,0,0,0,0,0,-31,40,65,70,64,197,198,197,89,1031]} 1. d4 Nf6 2. c4 g6 3. Nc3 Bg7 4. e4 d6 5. f3 O-O 6. Bg5 Nbd7 7. Qd2 c5 8. Nge2 {E81: King's Indian: Sämisch: 6th move deviations (including 6 Be3 c6).} a6 9. dxc5 dxc5 10. Ng3 {[#] White is slightly better.} Qc7 $146 ({Predecessor:} 10... Qa5 11. Bh6 Bxh6 12. Qxh6 b5 13. cxb5 axb5 14. Be2 b4 15. Nd1 Ba6 16. Bxa6 Qxa6 {0-1 (40) Farias,L (2215)-Valenzuela Fuentealba,L (2355) Vina del Mar 1997}) 11. Be2 b6 12. O-O Bb7 13. Nd5 Nxd5 14. cxd5 Qe5 15. Rab1 Qd4+ 16. Qxd4 Bxd4+ 17. Kh1 Rfe8 18. b4 e6 19. dxe6 Rxe6 20. Bc4 Ree8 21. Ne2 Bg7 22. bxc5 Rac8 23. c6 Rxc6 24. Bd5 Rc7 {[#] Hoping for ...Bxd5.} 25. Bf4 Be5 26. Bxb7 Rxb7 27. Bxe5 Nxe5 28. Nc3 b5 29. Nd5 $36 {[%mdl 2048] And now Nf6+ would win. White is pushing.} Kg7 30. Rfc1 Rd7 31. Rc5 f5 32. exf5 gxf5 (32... Nd3 $15 33. Rc7 Rxc7 34. Nxc7 Re2) 33. Nc7 $14 {[%mdl 64] [#] Double Attack} Ree7 34. Nxa6 Ra7 (34... Rd2 $14) 35. Nb4 $18 Rab7 36. Re1 (36. h3 $18 {has better winning chances.}) 36... Kf6 $2 {[%mdl 8192] Accuracy: White = 83%, Black = 76%.} (36... Nc6 $16 37. Rxe7+ Rxe7) 1-0

[Event "Chesscup Blitz 2020"]
[Site "Katowice"]
[Date "2020.09.12"]
[Round "10.8"]
[White "Krasenkow, Michal"]
[Black "Socko, Monika"]
[Result "1-0"]
[WhiteElo "2605"]
[BlackElo "2289"]
[Annotator "TA"]
[PlyCount "69"]
[EventDate "2020.09.12"]
[EventType "swiss"]
[EventCountry "POL"]
[SourceTitle "playchess.com"]
[Source "ChessBase"]
[SourceQuality "1"]

{[%evp 18,69,27,30,31,29,61,56,92,30,78,75,79,41,46,10,50,49,58,25,26,25,20,14,20,15,30,0,0,-65,-56,-70,-53,-60,-30,-73,-71,-57,-69,-66,-57,-50,221,380,331,-8,2030,1868,1827,1647,2037,1981,3043,2914]} 1. Nf3 Nf6 2. c4 d6 3. d4 g6 4. Nc3 Bg7 5. e4 O-O 6. h3 Nbd7 7. Bg5 e5 8. d5 a5 9. Nd2 {is the legacy move (9.g4).} Nc5 10. Be2 Qe8 {E92: King's Indian: Classical: 6 Be2 e5: 7 dxe5, 7 Be3 and Petrosian System without 7...Nbd7.} 11. h4 $5 {[%mdl 4] Leaves trodden paths.} h6 12. Be3 {[#]} Nh7 $146 {White is slightly better.} ({Predecessor:} 12... c6 13. dxc6 Qxc6 14. Qc2 Ne6 15. Nd5 Re8 16. Nxf6+ Bxf6 17. Bxh6 b5 18. Rc1 Nd4 {1-0 (28) Krasenkow,M (2643)-Szczepinski,M (2325) Trzcianka 2013}) 13. Nb3 ({White should try} 13. h5 $16) 13... Nxb3 14. axb3 Bd7 15. Qd2 h5 16. O-O-O a4 17. b4 a3 18. bxa3 Rxa3 19. Kb2 Ra8 20. Ra1 Qe7 21. g3 f5 22. Rxa8 Rxa8 23. Ra1 (23. f3 $11) 23... Rxa1 $15 24. Kxa1 f4 $1 {[%cal Rf4e3]} 25. Ba7 Qf8 (25... Bh6 $5 {[%cal Rf4g3]} 26. Qa2 Nf6 $11) 26. c5 fxg3 27. fxg3 Qf2 28. Qd3 Bh6 29. Kb2 Bg4 $2 {[%mdl 8192] [#]} (29... Nf6 $15 {stays ahead.}) 30. cxd6 $1 $18 Qxa7 31. Bxg4 $2 ({Only move:} 31. dxc7 $18 Bd7 32. d6) 31... hxg4 $2 {[%mdl 8192]} (31... cxd6 $11 32. Nb5 (32. Be6+ Kg7 $11) 32... Qf2+ 33. Qe2 Qb6) 32. dxc7 {White is clearly winning.} Qf2+ 33. Qc2 Qf8 {[#]} 34. d6 $1 {[%mdl 512]} Nf6 (34... Qxd6 35. c8=Q+) 35. Nb5 {Accuracy: White = 58%, Black = 50%.} 1-0

[Event "Chesscup Blitz 2020"]
[Site "Katowice"]
[Date "2020.09.12"]
[Round "10.9"]
[White "Dors, Ryszard"]
[Black "Klekowski, Maciej"]
[Result "0-1"]
[WhiteElo "2179"]
[BlackElo "2511"]
[Annotator "TA"]
[PlyCount "48"]
[EventDate "2020.09.12"]
[EventType "swiss"]
[EventCountry "POL"]
[SourceTitle "playchess.com"]
[Source "ChessBase"]
[SourceQuality "1"]

{[%evp 9,48,-14,0,-31,-33,-41,-44,-43,-36,-48,-44,-64,-32,-109,-79,-120,-40,-68,-50,-52,-34,-50,0,-38,0,-106,-88,-111,-38,-44,-18,-27,3,-216,-210,-343,-347,-733,-594,-29978,-6885]} 1. Nf3 f5 2. e4 fxe4 3. Ng5 g6 4. Nc3 Bg7 5. d3 {[#]} h6 $146 ({Predecessor:} 5... e3 6. Bxe3 e5 7. d4 exd4 8. Bxd4 Bxd4 9. Qxd4 Qf6 10. Qd2 Qe7+ 11. Be2 Nf6 {1-0 (21) Fahrner,K (2339)-Danner,G (2435) Austria 2004}) 6. Ngxe4 {A04: Unusual lines after 1 Nf3 and King's Indian Attack.} d5 7. Ng3 c5 8. Be2 {Black is slightly better.} Nc6 9. O-O Nf6 10. Bf3 O-O 11. Bd2 (11. Nce2 $1 $15) 11... e5 12. Re1 a6 (12... Nd4 $1 $17 13. h3 Nxf3+ 14. Qxf3 Ne4 $1 {[%mdl 512]}) 13. a4 Qd6 14. a5 Nd4 15. Be2 Nxe2+ 16. Ncxe2 Be6 17. Bc3 (17. Qc1 $11) 17... Rf7 $36 {[%mdl 2048] Black is on the roll.} 18. Nc1 {[#]} d4 ({Better is} 18... Nd7 $1 $17 19. Bd2 b5 20. axb6 Qxb6) 19. Bd2 $15 Raf8 20. f3 h5 {White must now prevent ...h4.} 21. Nce2 $2 {This move loses the game for White.} (21. Qe2 $11 {and White stays safe.}) 21... h4 $19 22. Nf1 (22. Nh1 $142) 22... h3 23. g4 $2 {[#]} (23. Nfg3 Qc6 24. Rf1) 23... Nxg4 $1 {[%mdl 512]} 24. fxg4 Qc6 {Accuracy: White = 35%, Black = 56%.} 0-1

[Event "Chesscup Blitz 2020"]
[Site "Katowice"]
[Date "2020.09.12"]
[Round "10.10"]
[White "Tsatsalashvili, Keti"]
[Black "Flak, Pawel"]
[Result "0-1"]
[WhiteElo "2246"]
[BlackElo "2157"]
[Annotator "ChessBase"]
[PlyCount "142"]
[EventDate "2020.09.12"]
[EventType "swiss"]
[EventCountry "POL"]
[SourceTitle "playchess.com"]
[Source "ChessBase"]
[SourceQuality "1"]
[TimeControl "180+2"]

1. d4 {[%emt 0:00:00]} b6 {[%emt 0:00:00]} 2. c4 {[%emt 0:00:01]} Bb7 {[%emt 0:00:00]} 3. Nc3 {[%emt 0:00:01]} Nf6 {[%emt 0:00:00]} 4. Nf3 {[%emt 0:00:05]} e6 {[%emt 0:00:01]} 5. a3 {[%emt 0:00:01]} Be7 {[%emt 0:00:02]} 6. Qc2 {[%emt 0:00:03]} d5 {[%emt 0:00:17]} 7. cxd5 {[%emt 0:00:02]} Nxd5 {[%emt 0:00:01]} 8. e4 {[%emt 0:00:03]} Nxc3 {[%emt 0:00:01]} 9. bxc3 {[%emt 0:00:01]} O-O {[%emt 0:00:02]} 10. Bd3 {[%emt 0:00:12]} c5 {[%emt 0:00:01]} 11. O-O {[%emt 0:00:05]} cxd4 {[%emt 0:00:01]} 12. cxd4 {[%emt 0:00:01]} Nc6 {[%emt 0:00:01]} 13. Bb2 {[%emt 0:00:23]} Rc8 {[%emt 0:00:04]} 14. Qe2 {[%emt 0:00:04]} Na5 {[%emt 0:00:07]} 15. Rad1 {[%emt 0:00:12]} Qd7 {[%emt 0:00:13]} 16. d5 {[%emt 0:00:28]} Qa4 {[%emt 0:00:33]} 17. Bb5 {[%emt 0:00:25]} Qc2 {[%emt 0:00:22]} 18. Rd2 {[%emt 0:00:04]} Qc5 {[%emt 0:00:00]} 19. dxe6 {[%emt 0:00:18]} fxe6 {[%emt 0:00:08]} 20. Bd7 {[%emt 0:00:01]} Rcd8 {[%emt 0:00:08]} 21. Bxe6+ {[%emt 0:00:03]} Kh8 {[%emt 0:00:01]} 22. Rxd8 {[%emt 0:00:14]} Bxd8 {[%emt 0:00:09]} 23. Ne5 {[%emt 0:00:07]} Qe7 {[%emt 0:00:08]} 24. Qg4 {[%emt 0:00:23]} Bxe4 {[%emt 0:00:25]} 25. Nf7+ {[%emt 0:00:11]} Rxf7 {[%emt 0:00:09]} 26. Bxf7 {[%emt 0:00:02]} Qxf7 {[%emt 0:00:17]} 27. Qxe4 {[%emt 0:00:01]} h6 {[%emt 0:00:10]} 28. Qa8 {[%emt 0:00:05]} Qd7 {[%emt 0:00:05]} 29. h3 {[%emt 0:00:08]} Kh7 {[%emt 0:00:06]} 30. Qe4+ {[%emt 0:00:01]} Kg8 {[%emt 0:00:02]} 31. Qf3 {[%emt 0:00:03]} Be7 {[%emt 0:00:16]} 32. Rd1 {[%emt 0:00:01]} Qe6 {[%emt 0:00:01]} 33. Qc3 {[%emt 0:00:05]} Qf7 {[%emt 0:00:04]} 34. Rd7 {[%emt 0:00:04]} Kf8 {[%emt 0:00:03]} 35. Qc8+ {[%emt 0:00:02]} Qe8 {[%emt 0:00:01]} 36. Qxe8+ {[%emt 0:00:03]} Kxe8 {[%emt 0:00:01]} 37. Rxa7 {[%emt 0:00:01]} Nc6 {[%emt 0:00:03]} 38. Ra8+ {[%emt 0:00:01]} Kf7 {[%emt 0:00:00]} 39. Rc8 {[%emt 0:00:03]} Na5 {[%emt 0:00:01]} 40. Rb8 {[%emt 0:00:01]} Nc4 {[%emt 0:00:01]} 41. Bc1 {[%emt 0:00:02]} Ke6 {[%emt 0:00:01]} 42. a4 {[%emt 0:00:02]} Bf6 {[%emt 0:00:01]} 43. Rb7 {[%emt 0:00:02]} Kd5 {[%emt 0:00:02]} 44. Be3 {[%emt 0:00:03]} Kc6 {[%emt 0:00:01]} 45. Rb8 {[%emt 0:00:02]} Be5 {[%emt 0:00:01]} 46. Kf1 {[%emt 0:00:01]} Bxb8 {[%emt 0:00:01]} 47. Ke2 {[%emt 0:00:02]} Bd6 {[%emt 0:00:03]} 48. Bd4 {[%emt 0:00:01]} g6 {[%emt 0:00:01]} 49. g4 {[%emt 0:00:00]} Kd5 {[%emt 0:00:01]} 50. Bg7 {[%emt 0:00:01]} h5 {[%emt 0:00:01]} 51. gxh5 {[%emt 0:00:01]} gxh5 {[%emt 0:00:00]} 52. Bc3 {[%emt 0:00:03]} Be5 {[%emt 0:00:03]} 53. Bb4 {[%emt 0:00:01]} Bd6 {[%emt 0:00:02]} 54. Bc3 {[%emt 0:00:00]} Be5 {[%emt 0:00:01]} 55. Bb4 {[%emt 0:00:01]} Bd4 {[%emt 0:00:02]} 56. f3 {[%emt 0:00:02]} Bc5 {[%emt 0:00:01]} 57. Bc3 {[%emt 0:00:00]} Bd4 {[%emt 0:00:01]} 58. Bb4 {[%emt 0:00:01]} Be5 {[%emt 0:00:04]} 59. Kd3 {[%emt 0:00:03]} Bf4 {[%emt 0:00:02]} 60. Ke2 {[%emt 0:00:02]} Bh6 {[%emt 0:00:02]} 61. Bc3 {[%emt 0:00:00]} Kc5 {[%emt 0:00:01]} 62. Be1 Nb2 {[%emt 0:00:02]} 63. a5 {[%emt 0:00:04]} b5 {[%emt 0:00:01]} 64. Bf2+ {[%emt 0:00:02]} Kc6 {[%emt 0:00:00]} 65. a6 {[%emt 0:00:00]} Nc4 {[%emt 0:00:02]} 66. Kd3 {[%emt 0:00:06]} Bf8 {[%emt 0:00:02]} 67. f4 {[%emt 0:00:04]} Bd6 {[%emt 0:00:09]} 68. f5 {[%emt 0:00:01]} Bc7 {[%emt 0:00:10]} 69. f6 {[%emt 0:00:02]} Bb6 {[%emt 0:00:05]} 70. Bxb6 {[%emt 0:00:07]} Kxb6 {[%emt 0:00:01]} 71. f7 {[%emt 0:00:01]} Ne5+ 0-1

[Event "Chesscup Blitz 2020"]
[Site "Katowice"]
[Date "2020.09.12"]
[Round "11.1"]
[White "Koziak, Vitali"]
[Black "Janik, Igor"]
[Result "1-0"]
[WhiteElo "2434"]
[BlackElo "2470"]
[Annotator "TA"]
[PlyCount "57"]
[EventDate "2020.09.12"]
[EventType "swiss"]
[EventCountry "POL"]
[SourceTitle "playchess.com"]
[Source "ChessBase"]
[SourceQuality "1"]

{[%evp 12,57,20,27,39,32,33,31,45,35,36,28,85,95,108,90,72,76,86,85,87,87,94,95,95,95,95,91,384,376,404,403,730,723,973,965,951,947,868,731,722,719,751,708,1342,712,29988,29986]} 1. d4 Nf6 2. c4 e6 3. Nf3 b6 4. a3 Bb7 5. Nc3 Ne4 6. Nxe4 Bxe4 7. e3 g6 {E12: Queen's Indian: Unusual White 4th moves, 4 a3, 4 Nc3 Bb7 5 a3 and 4 Nc3 Bb7 .} 8. Bd3 Bxd3 9. Qxd3 Bg7 {White is slightly better.} 10. e4 {[#]} O-O $146 ({Predecessor:} 10... d6 11. Bg5 Qd7 12. O-O O-O 13. Rad1 a5 14. b3 h6 15. Be3 Qe7 16. c5 dxc5 17. dxc5 {1-0 (62) Rychagov,A (2537)-Nikolaidis,I (2534) Plomari 2019}) 11. h4 Nc6 (11... c5 $11 {keeps the balance.}) 12. h5 $16 d6 13. hxg6 fxg6 14. Be3 Qf6 15. O-O-O e5 16. d5 Nd4 17. Ng5 h6 {[#]} 18. Bxd4 $1 Qxg5+ 19. Be3 Qxg2 $2 {[%mdl 8192] Now Black is done in.} (19... Qg4 $16 {was necessary.}) 20. Rhg1 $18 Qf3 21. Rxg6 Kh7 (21... Rae8 $142 22. Bxh6 Re7) 22. Rdg1 Rf7 {[#]} 23. Rxg7+ $1 {[%mdl 512]} Rxg7 24. Rxg7+ Kh8 25. Rg6 Rf8 26. Rxh6+ Kg7 27. Qd1 Qg2 28. Qh1 Qg4 29. Rh7+ {Accuracy: White = 100%, Black = 57%.} 1-0

[Event "Chesscup Blitz 2020"]
[Site "Katowice"]
[Date "2020.09.12"]
[Round "11.2"]
[White "Teclaf, Pawel"]
[Black "Golubka, Petro"]
[Result "1-0"]
[WhiteElo "2464"]
[BlackElo "2488"]
[Annotator "TA"]
[PlyCount "57"]
[EventDate "2020.09.12"]
[EventType "swiss"]
[EventCountry "POL"]
[SourceTitle "playchess.com"]
[Source "ChessBase"]
[SourceQuality "1"]

{[%evp 12,57,25,19,57,30,6,0,0,-26,0,-2,16,18,17,13,16,4,24,16,70,69,77,27,32,36,71,42,42,12,33,33,44,46,107,111,132,136,136,156,148,74,72,57,214,30,716,706]} 1. e4 c5 2. Nf3 e6 3. d4 cxd4 4. Nxd4 a6 5. Be2 Nf6 6. Nc3 Bb4 7. Qd3 O-O {B41: Sicilian: Kan Variation: 5 c4.} 8. O-O d6 {[#]} 9. f3 $146 ({Predecessor:} 9. Bg5 h6 10. Bh4 Nbd7 11. Nb3 Qc7 12. Rfd1 b5 13. a4 Bb7 14. axb5 Bxc3 15. Qxc3 Qxc3 16. bxc3 Bxe4 17. Rxd6 axb5 18. Rxa8 Rxa8 {½-½ (40) Ganguly,S (2623)-Akopian,V (2704) Dubai 2013}) 9... Nbd7 {The position is equal.} 10. a3 Bc5 {[#] And now ...e5 would win.} 11. Be3 b5 12. b4 Ba7 13. a4 $36 {[%mdl 2048] White is more active.} bxa4 14. Nxa4 d5 15. Nc6 Bxe3+ (15... dxe4 $1 $11 16. fxe4 Bxe3+ 17. Qxe3 Qc7) 16. Qxe3 $14 Qc7 17. Ne7+ (17. Qc3 $5 {[%cal Rc6e7]} Nb8 18. Na5 Qxc3 19. Nxc3 $14) 17... Kh8 18. exd5 exd5 {Threatens to win with ...Re8.} 19. Nxc8 (19. Rfe1 {looks sharper.} Re8 20. Bd3 Rb8 21. c3 Bb7 22. Qd4) 19... Rfxc8 20. Bd3 Qd6 (20... Re8 $5 {[%cal Re8e3]} 21. Qd4 Ne5 $14) 21. Qd4 Rab8 22. c3 Ne5 (22... Kg8 $14) 23. Nc5 $16 a5 {[%mdl 64] [#] Decoy} 24. Rxa5 Nc6 25. Ra6 Qd8 26. Qh4 (26. Qf4 $142) 26... d4 27. Bf5 {Black must now prevent Nd7!} Rc7 $2 ({Black should try} 27... dxc3 $14 28. Nd7 (28. Bxc8 Qxc8 29. Qc4 Nxb4 $11) 28... Rxb4) 28. Nd7 $2 (28. Ne4 $18 h6 29. Nxf6 Qxf6 30. Qg3) 28... g6 $2 {[%mdl 8192]} (28... Rxd7 $11 29. Rxc6 Rd5) 29. Nxb8 {[%mdl 64] Pin. Accuracy: White = 60%, Black = 58%.} 1-0

[Event "Chesscup Blitz 2020"]
[Site "Katowice"]
[Date "2020.09.12"]
[Round "11.3"]
[White "Jakubowski, Krzysztof"]
[Black "Piorun, Kacper"]
[Result "0-1"]
[WhiteElo "2481"]
[BlackElo "2596"]
[Annotator "TA"]
[PlyCount "90"]
[EventDate "2020.09.12"]
[EventType "swiss"]
[EventCountry "POL"]
[SourceTitle "playchess.com"]
[Source "ChessBase"]
[SourceQuality "1"]

{[%evp 16,90,52,21,28,22,18,-42,-7,-17,12,-46,-38,-50,-49,-45,-54,-50,-39,-43,-35,-103,-102,-95,-105,-125,-119,-131,-140,-140,-23,-35,-41,-42,-27,-243,-236,-222,-209,-390,-385,-377,-352,-431,-419,-417,-426,-413,-409,-531,-516,-556,-442,-439,-438,-430,-433,-453,-444,-494,-484,-577,-565,-552,-557,-512,-402,-404,-402,-12833,-12833,-6307,-5705,-29981,-29982,-12836,-12837]} 1. d4 Nf6 2. c4 g6 3. Nc3 Bg7 4. e4 O-O 5. f3 d6 6. Nge2 b6 7. Be3 c5 8. d5 e6 9. Qd2 exd5 {E82: King's Indian: Sämisch: 6...b6.} 10. cxd5 Ba6 11. g4 (11. Bf4 $11) 11... Nbd7 {[%cal Bb8d7,Bd7e5,Be5d3][%mdl 32] [#] Black is slightly better.} 12. Ng3 $146 ({Predecessor:} 12. Kf2 Ne5 13. b3 Nfxg4+ 14. fxg4 Qf6+ 15. Nf4 Bxf1 16. Rhxf1 Nxg4+ 17. Kg3 Nxe3 18. Qxe3 Qxc3 {0-1 (25) Sattanino,A (1853)-Fassio,L (2081) Nichelino 2008}) 12... Bxf1 (12... Ne5 {with more complications.} 13. Qg2 b5 14. g5 Nfd7 15. f4 b4) 13. Rxf1 (13. Kxf1 $11 Ne5 14. Kg2) 13... Ne5 $15 14. Qe2 c4 15. Kf2 Nd3+ 16. Kg2 Nd7 17. Rad1 a6 18. Rxd3 (18. Qd2 $15) 18... cxd3 $17 19. Qxd3 b5 20. Bd4 Ne5 21. Qd1 Rc8 22. Nce2 Nc4 ({Black should try} 22... Qa5 $17 23. Qb3 Rc4) 23. b3 $11 Bxd4 24. Qxd4 Ne5 $36 {[%mdl 2048] Threatens to win with ...Rc2. Black has the initiative.} 25. h3 $2 {This move loses the game for White.} (25. Qd2 $11) 25... Rc2 $19 26. f4 Nd7 27. e5 $2 (27. Ra1 {keeps fighting.}) 27... dxe5 28. fxe5 Qe7 29. e6 fxe6 30. d6 Qg5 31. Rxf8+ Nxf8 32. d7 Qd8 33. Qd3 Rc7 34. Ne4 {If only White now had time for Nf6+....} Rxd7 35. Qc3 {If White can now play Nf6+ this consolidates a bit.} Rf7 36. g5 {[#]} Qd5 $1 37. N2g3 e5 38. Kh2 Kg7 39. h4 Ne6 40. Nf6 Rxf6 41. gxf6+ Kxf6 42. Qc8 (42. Qc2 $142) 42... Qd2+ {[%mdl 64] [#] Double Attack} 43. Kg1 Qe3+ {[%mdl 64] Double Attack} 44. Kh2 Qf2+ {[%mdl 64] Double Attack} 45. Kh1 Qxg3 {Accuracy: White = 48%, Black = 88%.} 0-1